| 000 | 00342pam a2200145 a 4500 | ||
|---|---|---|---|
| 020 |
_a8181472160 _c |
||
| 041 | _h | ||
| 082 |
_a618.2 _bDAF |
||
| 100 | _aDAFTARY, S . | ||
| 245 |
_aMANUAL OF OBSTETRICS _hTextual Documents |
||
| 260 |
_a[s.l]: _bELSEVIER , , _c2004. |
||
| 300 |
_a493 : : _bVI ; ; _cA4. |
||
| 930 | _a78 | ||
| 999 |
_c794617 _d794617 |
||
| 650 | _aOBST.GYNE | ||